| 000 | 00913nam a2200253Ia 4500 | ||
|---|---|---|---|
| 003 | OSt | ||
| 005 | 20221005103731.0 | ||
| 006 | a|||||r|||| 00| 0 | ||
| 007 | ta | ||
| 008 | 221004b |||||||| |||| 00| 0 hin d | ||
| 024 | _a107541 | ||
| 037 | _cTextual | ||
| 040 |
_aCRL _cCRL _bhin |
||
| 041 |
_2hin _ahin |
||
| 082 | _aO152:gN5, K2 | ||
| 100 | _aशर्मा, वेंकट | ||
| 245 | 0 | _aआधुनिक हिन्दी - साहित्य में समालोचना का विकास | |
| 246 | _aĀdhunik hindī - sāhitya mean samālochanā kā vikāsa | ||
| 260 |
_aदिल्ली _bआत्माराम एण्ड सन्स भारत _c1962 |
||
| 300 |
_a520पृ0 _ccm. |
||
| 650 | _aहिन्दी साहित्य | ||
| 942 |
_hO152:gN5, K2 _cTEXL _2cc |
||
| 999 |
_c1010764 _d1010764 |
||